Programación de un modelo de balance hídrico basado en cambios del uso del suelo, en la cuenca del río Abangares
Wedi'i Gadw mewn:
| Prif Awdur: | |
|---|---|
| Awduron Eraill: | |
| Fformat: | Llyfr |
| Cyhoeddwyd: |
[San José, Costa Rica]
2007
|
| Pynciau: | |
| Tagiau: |
Ychwanegu Tag
Dim Tagiau, Byddwch y cyntaf i dagio'r cofnod hwn!
|
MARC
| LEADER | 00000nam a2200000Ia 4500 | ||
|---|---|---|---|
| 003 | 001090 | ||
| 005 | 20240313140649.0 | ||
| 008 | 140114s2007 cr a 000 ||s d | ||
| 040 | |c cru CEDI | ||
| 090 | |a TFG 5615 | ||
| 100 | |a Umaña Salas, Alejandro, 1981- |9 2629 | ||
| 245 | |a Programación de un modelo de balance hídrico basado en cambios del uso del suelo, en la cuenca del río Abangares | ||
| 260 | |a [San José, Costa Rica] |c 2007 | ||
| 300 | |a vi, 59, [25] páginas (algunas plegables); ilustraciones a color, mapas | ||
| 500 | |a Trabajo de graduación (licenciatura en ingeniería civil)--Universidad de Costa Rica. Facultad de Ingeniería. Escuela de Ingeniería Civil | ||
| 501 | |a Director de Trabajo de Graduación: Ing. Rafael Oreamuno Vega | ||
| 650 | |x BALANCE HIDRICO (HIDROLOGIA) |x MODELOS |x RECURSOS HIDRICOS |x CUENCAS HIDROGRAFICAS |x CUENCA DEL RIO ABANGARES (COSTA RICA) |x SUELOS |x USO DE LA TIERRA |9 4430 | ||
| 700 | |a Oreamuno Vega, Rafael Alfredo, 1956- |d Director del TFG |9 158 | ||
| 942 | |c TFG |h TFG 5615 |i 001090 |6 TFG_5615_001090000000000 | ||
| 999 | |c 16646 |d 16646 | ||
